Online
Catalog
Normal view MARC view

Entry Nombre personal

Number of records used in: 1

001 - NÚMERO DE CONTROL

  • campo de control: 83176

003 - IDENTIFICADOR DEL NÚMERO DE CONTROL

  • campo de control: DO-SdBNP

005 - FECHA Y HORA DE LA ÚLTIMA TRANSACCIÓN

  • campo de control: 20230313114749.0

008 - DATOS DE LONGITUD FIJA

  • campo de control de longitud fija: 230313|| aca||aabn | a|a d

040 ## - FUENTE DE LA CATALOGACIÓN

  • Centro catalogador/agencia de origen: DO-SdBNP
  • Centro/agencia transcriptor: DO-SdBNP

100 ## - ENCABEZAMIENTO-NOMBRE DE PERSONA

  • Nombre de persona: Trujillo Molina, Rafael Leónidas,
  • Fechas asociadas al nombre: 1891-1961

670 ## - FUENTE DE DATOS ENCONTRADOS

  • Cita de la fuente: Work cat.: (DO-SdBNP)6682: Rivera, Tirso 19129, Relación de los bienes e inversiones de Rafael Leonidas Trujillo Molina, esposa e hijos al día 5 de julio de 1961 /, 1986.

Powered by Koha